Incorporating farmers'knowlage in research planning ការបញ្ចូលចំនេះដឹងកសិករក្នុងការធ្វើផែនការស្រាវជ្រាវ (Record no. 463)

000 -LEADER
fixed length control field 00558nam a22001577a 4500
003 - CONTROL NUMBER IDENTIFIER
control field OSt
005 - DATE AND TIME OF LATEST TRANSACTION
control field 20150915095058.0
008 - FIXED-LENGTH DATA ELEMENTS--GENERAL INFORMATION
fixed length control field 150915b xxu||||| |||| 00| 0 eng d
040 ## - CATALOGING SOURCE
Transcribing agency RUA
082 ## - DEWEY DECIMAL CLASSIFICATION NUMBER
Classification number AGR BAO 1999 B024 Or.1
100 ## - MAIN ENTRY--PERSONAL NAME
9 (RLIN) 483
Personal name BAO, VUTHY,
245 ## - TITLE STATEMENT
Title Incorporating farmers'knowlage in research planning ការបញ្ចូលចំនេះដឹងកសិករក្នុងការធ្វើផែនការស្រាវជ្រាវ
260 ## - PUBLICATION, DISTRIBUTION, ETC. (IMPRINT)
Place of publication, distribution, etc. Phnom Penh
Name of publisher, distributor, etc. RUA
Date of publication, distribution, etc. 1999
300 ## - PHYSICAL DESCRIPTION
Extent 42p.
Other physical details ill.
Dimensions 29cm.
942 ## - ADDED ENTRY ELEMENTS (KOHA)
Source of classification or shelving scheme
Koha item type AGR
Holdings
Price effective from Date last seen Permanent Location Not for loan Date acquired Source of classification or shelving scheme Koha item type Barcode Lost status Damaged status Shelving location Withdrawn status Current Location Full call number
2015-09-152015-09-15Library Block B 2015-09-15 AGRRUA005043  B024 Library Block BAGR BAO 1999 B024 Or.1
2015-09-152015-09-15Library Block B 2015-09-15 AGRRUA005264  B024 Library Block BAGR BAO 1999 B024 Or.2
2015-09-152015-09-15Library Block B 2015-09-15 AGRRUA005192  B024 Library Block BAGR BAO 1999 B024 Or.3
2015-09-152015-09-15Library Block B 2015-09-15 AGRRUA005271  B024 Library Block BAGR BAO 1999 B024 Or.4
2015-09-152015-09-15Library Block B 2015-09-15 AGRRUA005120  B024 Library Block BAGR BAO 1999 B024 Or.5
2015-09-152015-09-15Library Block B 2015-09-15 AGRRUA005044  B024 Library Block BAGR BAO 1999 B024 Or.6
2015-09-152015-09-15Library Block B 2015-09-15 AGRRUA005257  B024 Library Block BAGR BAO 1999 B024 Or.7
2015-09-152015-09-15Library Block B 2015-09-15 AGRRUA005117  B024 Library Block BAGR BAO 1999 B024 Or.8
2015-09-152015-09-15Library Block B 2015-09-15 AGRRUA005045  B024 Library Block BAGR BAO 1999 B024 Or.9
មជ្ឈមណ្ឌលឯការនៃសាកលវិទ្យាល័យភូមិន្ទកសិកម្មចំការដូង

Powered by Koha